| 000 | 00666nam a22002297a 4500 | ||
|---|---|---|---|
| 005 | 20170124110032.0 | ||
| 010 | _a522387 | ||
| 020 | _c12.00 | ||
| 035 | _a522387 | ||
| 037 | _bCen Lib/Ret | ||
| 040 |
_aDPL _bEN |
||
| 082 |
_a370.73 _bDIK |
||
| 100 |
_aDikshit, S. S _921859 |
||
| 245 |
_aTeacher education in modern democracies / _cby S. S. Dikshit |
||
| 260 |
_aJullunder _bSterling Publishers _c1969 |
||
| 270 |
_a695, Model Town _bJullunder |
||
| 300 |
_axii,106p. _c21cm(Hb) |
||
| 500 | _aIncludes index and bibliography | ||
| 650 |
_aEducation _91169 |
||
| 650 |
_aEducation-Social aspects _98711 |
||
| 942 |
_2ddc _cEN _h570.73 _mDIK |
||
| 999 |
_c127897 _d127897 |
||